000 00702nam a2200301Ia 4500
005 20260401122407.0
008 008 250103s9999 xx 000 0 eng d
020 _a9781608461431
037 _aTB
040 _aEDL
040 _beng
040 _cEDL
041 _2eng
041 _aeng
084 _a335.4119 BAN
084 _qEDL
100 _aBanaji, Jairus
_91233478
245 0 _aTheory as History: Essays on Modes of Production and Exploitation
245 0 _cBanaji, Jairus
260 _aChicago
260 _bHaymarket Books
260 _c2010
300 _a406p
942 _cTB
942 _h335.4119 BAN
999 _c1846990
_d1846990